Curriculum vitae de la vida, del vértigo y de los abismos

Αποθηκεύτηκε σε:
Λεπτομέρειες βιβλιογραφικής εγγραφής
Κύριος συγγραφέας: Orrego Matte, Héctor (autor)
Μορφή: Βιβλίο
Γλώσσα:Ισπανικά
Έκδοση: Santiago Cuatro Vientos 1994
Θέματα:
Ετικέτες: Προσθήκη ετικέτας
Δεν υπάρχουν, Καταχωρήστε ετικέτα πρώτοι!

MARC

LEADER 00000nam a2200000 a 4500
001 UCR8155
003 CL-VaPUC
008 980520e19940000CL |||||||||||||||||spa|d
082 0 4 |a Ch864  |b ORR  |2 21 
100 |a Orrego Matte, Héctor  |e autor  |9 563403 
245 1 0 |a Curriculum vitae de la vida, del vértigo y de los abismos 
300 |a 279 p 
942 |c BK 
945 |d 19980520 00:00:00  |a mvenant 
260 |a Santiago  |b Cuatro Vientos  |c 1994 
650 0 |a Ensayos chilenos   |9 269132 
583 |a last modification  |c 19980520 00:00:00  |k Rodrigo Vera 
999 |c 269706  |d 269704 
952 |0 0  |1 0  |4 0  |6 CH_864_000000000000000_ORR_1994  |7 0  |8 A  |9 303572  |a BIBEDU  |b BIBEDU  |d 2019-11-20  |i 3428575  |o Ch864 ORR 1994  |p 3428575  |r 2019-11-20  |w 2019-11-20  |y BK  |k PSI